[Event " Bjelovar OPEN 2017"]
[Site "Bjelovar"]
[Date "2017.08.05"]
[Round "5.1"]
[White "Cop, Tomislav"]
[Black "Loncar, Robert"]
[Result "0-1"]
[WhiteElo "2310"]
[BlackElo "2353"]
[PlyCount "110"]
[EventDate "2017.08.03"]

1. e4 c5 2. Nf3 Nc6 3. d4 cxd4 4. Nxd4 Qb6 5. Nb3 Nf6 6. Nc3 e6 7. Qe2 Bb4 8.
Bg5 Nd4 9. Qd3 Nxb3 10. axb3 Qc6 11. Bxf6 gxf6 12. O-O-O Bxc3 13. bxc3 b6 14.
Qd4 Ke7 15. h4 e5 16. Qb4+ Qc5 17. Qxc5+ bxc5 18. Bc4 Rg8 19. Bd5 Rb8 20. g3 d6
21. Kd2 Rb6 22. Ra1 a6 23. Ra2 f5 24. exf5 Bxf5 25. Rha1 Bc8 26. Bc4 h6 27.
Bxa6 Be6 28. Be2 d5 29. Ra7+ Kd6 30. Bh5 Rf8 31. Ra8 Rfb8 32. Rxb8 Rxb8 33. Ra7
Rf8 34. b4 cxb4 35. cxb4 d4 36. f4 e4 37. Ra6+ Kd5 38. g4 Kc4 39. f5 e3+ 40.
Kd1 Bd5 41. g5 hxg5 42. hxg5 Rh8 43. Rh6 Ra8 44. Be2+ Kxb4 45. Ra6 Rh8 46. Rh6
Rg8 47. g6 fxg6 48. fxg6 Ra8 49. Bd3 Bf3+ 50. Kc1 Kc3 51. Kb1 e2 52. Bxe2 Bxe2
53. g7 Rg8 54. Rc6+ Bc4 55. Rc7 Re8 0-1

[Event " Bjelovar OPEN 2017"]
[Site "Bjelovar"]
[Date "2017.08.05"]
[Round "5.2"]
[White "Lalic, Bogdan"]
[Black "Mrdja, Milan"]
[Result "1-0"]
[WhiteElo "2438"]
[BlackElo "2342"]
[PlyCount "61"]
[EventDate "2017.08.03"]

1. c4 c5 2. Nf3 Nc6 3. d4 cxd4 4. Nxd4 Nf6 5. Nc3 g6 6. e4 d6 7. Be2 Bg7 8. Be3
O-O 9. O-O Bd7 10. Nc2 Rc8 11. f3 Be6 12. Qd2 Nd7 13. Rab1 b6 14. Nd5 Kh8 15.
b3 f5 16. exf5 Bxf5 17. Rbd1 Bxc2 18. Qxc2 e5 19. Qd2 Nd4 20. f4 Nxe2+ 21. Qxe2
Qe8 22. Qg4 Rf5 23. fxe5 Nxe5 24. Qh3 Rxf1+ 25. Rxf1 Rd8 26. Bh6 Qd7 27. Bxg7+
Qxg7 28. Qe6 h6 29. h3 Kh7 30. Nf6+ Kh8 31. Ne8 1-0

[Event " Bjelovar OPEN 2017"]
[Site "Bjelovar"]
[Date "2017.08.05"]
[Round "5.3"]
[White "Matko, Ognjen"]
[Black "Srbis, Jurica"]
[Result "1-0"]
[WhiteElo "2317"]
[BlackElo "2417"]
[PlyCount "163"]
[EventDate "2017.08.03"]

1. d4 Nf6 2. Nf3 e6 3. Bf4 b6 4. e3 Bb7 5. h3 d6 6. c3 Nbd7 7. Nbd2 Qe7 8. a4
e5 9. Bh2 a5 10. Bb5 e4 11. Ng1 c6 12. Bf1 d5 13. Ne2 h5 14. Qb3 Ba6 15. c4
dxc4 16. Nxc4 Qb4+ 17. Qxb4 Bxb4+ 18. Nc3 O-O 19. Be2 Nd5 20. Rc1 c5 21. Nd2
Nxc3 22. bxc3 Ba3 23. Rc2 cxd4 24. cxd4 Rfc8 25. Rxc8+ Rxc8 26. Bxa6 Rc1+ 27.
Ke2 Rxh1 28. Nf1 Nf6 29. Bb7 Bc1 30. Bc6 h4 31. Bc7 Ba3 32. Bxb6 Bb4 33. Bd8
Rg1 34. Bxf6 gxf6 35. Bxe4 f5 36. Bc6 Bd6 37. f4 Kg7 38. Kf2 Rh1 39. Bb7 Ba3
40. g3 Rxh3 41. Kg2 Rxg3+ 42. Nxg3 hxg3 43. Kxg3 Kf6 44. Bd5 Bc1 45. Kf3 Ke7
46. Bb3 Kf6 47. Ke2 Ke7 48. Kd3 Kf6 49. Bd1 Ke6 50. Be2 Kd6 51. Bf1 Ke6 52. Bh3
Kf6 53. d5 Ba3 54. Kc4 Ke7 55. Bxf5 Kd6 56. Kd4 Bb2+ 57. Ke4 f6 58. Bg6 Bc1 59.
Bf7 Ke7 60. Bg8 Kd6 61. Kf3 Bd2 62. e4 Bc1 63. Kg4 Bb2 64. Kf5 Ba3 65. Be6 Bb4
66. Kg6 Ke7 67. Bf7 Bc3 68. Be6 Bb2 69. Bg4 Bc3 70. Bf3 Bd4 71. e5 fxe5 72. f5
e4 73. Bxe4 Bc3 74. Bf3 Be5 75. Bg4 Bd4 76. f6+ Kd6 77. Be6 Bc3 78. f7 Ke7 79.
d6+ Kf8 80. d7 Bf6 81. Kf5 Bd8 82. Ke5 1-0

[Event " Bjelovar OPEN 2017"]
[Site "Bjelovar"]
[Date "2017.08.05"]
[Round "5.4"]
[White "Kristovic, Marijan"]
[Black "Basaric, Srdjan"]
[Result "1-0"]
[WhiteElo "2275"]
[BlackElo "2061"]
[PlyCount "83"]
[EventDate "2017.08.03"]

1. e4 d6 2. d4 Nf6 3. Bc4 Nxe4 4. Bxf7+ Kxf7 5. Qh5+ g6 6. Qd5+ Kg7 7. Qxe4 Nc6
8. d5 Bf5 9. Qe3 Ne5 10. Nf3 Nxf3+ 11. Qxf3 e5 12. dxe6 c6 13. O-O Bxe6 14. Re1
Bf7 15. Bh6+ Kg8 16. Bxf8 Qxf8 17. Nc3 d5 18. Qf6 Re8 19. h4 h5 20. Re5 Rxe5
21. Qxe5 Qe8 22. Qc7 d4 23. Rd1 Rh7 24. Rxd4 Be6 25. Qe5 Re7 26. Re4 Kf7 27.
Qf4+ Bf5 28. f3 Kg7 29. Rxe7+ Qxe7 30. Ne4 b6 31. c3 c5 32. Kf2 Bxe4 33. fxe4
Qd7 34. e5 Qe6 35. c4 a6 36. a4 b5 37. Qf6+ Qxf6+ 38. exf6+ Kxf6 39. cxb5 axb5
40. a5 c4 41. a6 b4 42. a7 1-0

[Event " Bjelovar OPEN 2017"]
[Site "Bjelovar"]
[Date "2017.08.05"]
[Round "5.5"]
[White "Blazeka, Mihaela"]
[Black "Sokac, Marko"]
[Result "1/2-1/2"]
[WhiteElo "2101"]
[BlackElo "2275"]
[PlyCount "162"]
[EventDate "2017.08.03"]

1. e4 Nc6 2. Nf3 f5 3. exf5 d5 4. Bb5 Bxf5 5. Nd4 Qd7 6. Nxf5 Qxf5 7. O-O e6 8.
d4 Bd6 9. Nc3 Nge7 10. Bd3 Qf6 11. Nb5 O-O 12. Nxd6 cxd6 13. c3 e5 14. Be3 Rad8
15. Qd2 h6 16. Rad1 Ng6 17. Bc2 Nce7 18. dxe5 dxe5 19. Bc5 Nf4 20. Bb3 Kh8 21.
Bxe7 Qxe7 22. g3 Nh3+ 23. Kg2 Ng5 24. Bxd5 Qd7 25. f3 Qh3+ 26. Kh1 e4 27. Qg2
Rxd5 28. Rxd5 Qe6 29. Rxg5 hxg5 30. fxe4 Rxf1+ 31. Qxf1 Qxe4+ 32. Kg1 Qc2 33.
Qb5 Qb1+ 34. Kf2 Kh7 35. Qxb7 g4 36. Qb5 Kh6 37. Qc6+ g6 38. Qb7 Qxa2 39. Qb4
Qe6 40. Qf4+ g5 41. Qe3 Qf5+ 42. Ke2 Qb5+ 43. Kd1 Qf1+ 44. Kc2 Qg2+ 45. Qd2
Qe4+ 46. Kb3 Qb7+ 47. Ka2 Qa6+ 48. Kb1 Kg6 49. b3 Qf1+ 50. Kb2 Qa6 51. b4 Qc4
52. Qc2+ Kh6 53. Ka3 a6 54. Qb3 Qf1 55. Qe6+ Kh5 56. Qe4 Kh6 57. Qxg4 Qa1+ 58.
Kb3 Qb1+ 59. Kc4 Qf1+ 60. Kc5 Qb5+ 61. Kd4 a5 62. Qe6+ Kh5 63. bxa5 Qxa5 64.
Qe2+ Kg6 65. c4 Qd8+ 66. Ke3 Qa5 67. Kd3 Qa3+ 68. Kd4 Qd6+ 69. Ke3 Qe5+ 70. Kf2
Qd4+ 71. Kg2 Qc5 72. Qe6+ Kg7 73. Qd5 Qe3 74. Qf3 Qd4 75. Kh3 Qxc4 76. Qf5 Kh6
77. Qf6+ Kh5 78. Qf5 Kh6 79. Qf3 g4+ 80. Qxg4 Qf1+ 81. Kh4 Qf6+ 1/2-1/2

[Event " Bjelovar OPEN 2017"]
[Site "Bjelovar"]
[Date "2017.08.05"]
[Round "5.6"]
[White "Kovacevic, Veljko"]
[Black "Bogdanic, Katarina"]
[Result "1-0"]
[WhiteElo "2200"]
[BlackElo "2007"]
[PlyCount "83"]
[EventDate "2017.08.03"]

1. c4 c5 2. Nf3 Nc6 3. g3 g6 4. Bg2 Bg7 5. O-O e6 6. Nc3 Nge7 7. d3 O-O 8. Bd2
d5 9. Qc1 b6 10. Bh6 Bb7 11. Bxg7 Kxg7 12. h4 h6 13. cxd5 exd5 14. Qf4 Qb8 15.
Qd2 Ne5 16. d4 Nc4 17. Qc2 cxd4 18. Nb5 Rc8 19. Qd1 Nf5 20. b3 Ne5 21. Nfxd4
Ne7 22. Bh3 Rf8 23. Rc1 Bc8 24. Bg2 a6 25. Nc3 Bb7 26. Qd2 Qd6 27. e3 Rac8 28.
Nce2 Rxc1 29. Qxc1 Rc8 30. Qb2 Kh7 31. h5 Qf6 32. hxg6+ fxg6 33. Qb1 Rc7 34.
Nf4 Nf7 35. Rc1 Rxc1+ 36. Qxc1 Qd6 37. Qc3 Ng5 38. Nde6 Nxe6 39. Qf6 Bc8 40.
Bh3 Qd8 41. Bxe6 Qe8 42. Bf7 1-0

[Event " Bjelovar OPEN 2017"]
[Site "Bjelovar"]
[Date "2017.08.05"]
[Round "5.7"]
[White "Cvitkovic, Filip"]
[Black "Kos, Bruno"]
[Result "1-0"]
[WhiteElo "2151"]
[BlackElo "1987"]
[PlyCount "77"]
[EventDate "2017.08.03"]

1. d4 Nf6 2. c4 c5 3. d5 b5 4. cxb5 a6 5. bxa6 Bxa6 6. Nc3 g6 7. e4 Bxf1 8.
Kxf1 d6 9. g3 Bg7 10. Nf3 Nbd7 11. Kg2 O-O 12. a4 Qa5 13. Bd2 Rfb8 14. Nb5 Qd8
15. Qc2 Ne8 16. Bc3 Nc7 17. Nxc7 Qxc7 18. Bxg7 Kxg7 19. Nd4 Rb7 20. Nb5 Qa5 21.
Rhb1 Nb6 22. b3 f6 23. h4 Qb4 24. h5 Rc8 25. Qe2 Nd7 26. hxg6 hxg6 27. Qe3 Ne5
28. Rh1 Nf7 29. Rac1 Rbb8 30. Rh4 Ra8 31. e5 Qa5 32. exf6+ exf6 33. Nxd6 Nxd6
34. Qe7+ Nf7 35. Rh7+ Kxh7 36. Qxf7+ Kh6 37. Rh1+ Kg5 38. f4+ Kf5 39. Qe6# 1-0

[Event " Bjelovar OPEN 2017"]
[Site "Bjelovar"]
[Date "2017.08.05"]
[Round "6.2"]
[White "Loncar, Robert"]
[Black "Kristovic, Marijan"]
[Result "1-0"]
[WhiteElo "2353"]
[BlackElo "2275"]
[PlyCount "139"]
[EventDate "2017.08.03"]

1. d4 Nf6 2. Nf3 b6 3. g3 Bb7 4. Bg2 d6 5. c4 Nbd7 6. O-O g6 7. d5 Bg7 8. Nc3
O-O 9. Nd4 Re8 10. Rb1 a6 11. h3 Ra7 12. e4 e5 13. Nc2 Bf8 14. Be3 c6 15. dxc6
Bxc6 16. Nb4 Ba8 17. Nbd5 Nxd5 18. cxd5 Rc7 19. Qd2 b5 20. a4 Qb8 21. axb5 axb5
22. Rfc1 Rec8 23. Bf1 b4 24. Nb5 Rxc1 25. Rxc1 Rxc1 26. Qxc1 f5 27. Ba7 Qd8 28.
exf5 Bxd5 29. fxg6 hxg6 30. Bc4 Bxc4 31. Qxc4+ Kg7 32. Nc7 Qe7 33. Ne6+ Kh7 34.
Nxf8+ Nxf8 35. Bb6 Ne6 36. Qxb4 Qd7 37. Qh4+ Kg7 38. Be3 Qf7 39. Qe4 Qd7 40. b4
Kf6 41. Qd5 Nd8 42. h4 Kg7 43. b5 Nb7 44. b6 Qf7 45. Qc6 Kf6 46. g4 Ke6 47.
Qc4+ Kf6 48. Qc7 Ke6 49. Qc8+ Qd7 50. Qc2 Kf7 51. Qc7 Ke6 52. Qxd7+ Kxd7 53. h5
gxh5 54. gxh5 Ke6 55. h6 Kf6 56. f3 Kg6 57. Kf2 d5 58. Ke2 d4 59. Bd2 Nc5 60.
Kd1 Kh7 61. Kc2 Kg6 62. Kb1 Nb7 63. Ka2 Kh7 64. Ka3 Nd6 65. Kb4 Kg6 66. Kc5 e4
67. fxe4 Nxe4+ 68. Kxd4 Nxd2 69. b7 Nb3+ 70. Kd5 1-0

[Event " Bjelovar OPEN 2017"]
[Site "Bjelovar"]
[Date "2017.08.05"]
[Round "6.3"]
[White "Kovacevic, Veljko"]
[Black "Cop, Tomislav"]
[Result "0-1"]
[WhiteElo "2200"]
[BlackElo "2310"]
[PlyCount "58"]
[EventDate "2017.08.03"]

1. c4 Nf6 2. Nc3 g6 3. g3 Bg7 4. Bg2 O-O 5. e3 d6 6. d4 Nbd7 7. Nge2 e5 8. O-O
Re8 9. b3 a6 10. Ba3 Rb8 11. Rc1 b5 12. cxb5 axb5 13. b4 Bb7 14. d5 Ba6 15. e4
Nb6 16. Rc2 Nc4 17. Bc1 Qd7 18. Qd3 Rec8 19. h3 c6 20. dxc6 Rxc6 21. Bg5 Nb6
22. Bxf6 Bxf6 23. a4 Nxa4 24. Nd5 Bd8 25. Rxc6 Qxc6 26. Rc1 Qb7 27. Ne3 Qd7 28.
Rd1 Rb6 29. f4 Nb2 0-1

[Event " Bjelovar OPEN 2017"]
[Site "Bjelovar"]
[Date "2017.08.05"]
[Round "6.4"]
[White "Mrdja, Milan"]
[Black "Cvitkovic, Filip"]
[Result "0-1"]
[WhiteElo "2342"]
[BlackElo "2151"]
[PlyCount "108"]
[EventDate "2017.08.03"]

1. e4 c5 2. Nf3 d6 3. d4 cxd4 4. Qxd4 Nc6 5. Bb5 Bd7 6. Bxc6 Bxc6 7. Nc3 Nf6 8.
Bg5 e6 9. O-O-O Be7 10. Rhe1 O-O 11. Kb1 Qa5 12. Qd2 Qc7 13. Nd4 a6 14. f3 Rfc8
15. g4 b5 16. Nxc6 Qxc6 17. Ne2 a5 18. h4 b4 19. Nd4 Qb7 20. Qe2 Rc5 21. Nb3
Rc6 22. f4 a4 23. Nc1 Rac8 24. Rd2 Rc4 25. Qg2 b3 26. axb3 axb3 27. Nxb3 Rxe4
28. Rxe4 Nxe4 29. Re2 Bxg5 30. hxg5 d5 31. Qh3 Qb4 32. Qh4 Qc4 33. Qe1 Ra8 34.
Nc1 Qa6 35. c3 Nc5 36. Kc2 Qa4+ 37. Kb1 Qa1+ 38. Kc2 Rb8 39. b4 Ne4 40. Rxe4
Qa4+ 41. Kb2 dxe4 42. Qxe4 Ra8 43. f5 Re8 44. f6 Qb5 45. Qe3 Qf1 46. Nd3 Ra8
47. Nc1 gxf6 48. gxf6 Qxf6 49. Kb3 Qg6 50. Nd3 Qxg4 51. Nb2 h5 52. b5 h4 53. b6
h3 54. Qe5 Qg2 0-1

[Event " Bjelovar OPEN 2017"]
[Site "Bjelovar"]
[Date "2017.08.05"]
[Round "6.5"]
[White "Sokac, Marko"]
[Black "Hladnic, Emanuel"]
[Result "1/2-1/2"]
[WhiteElo "2275"]
[BlackElo "2071"]
[PlyCount "168"]
[EventDate "2017.08.03"]

1. e4 c5 2. Qh5 Nf6 3. Qxc5 Nxe4 4. Qe3 d5 5. Bd3 Nf6 6. Nf3 Nc6 7. b3 d4 8.
Qe2 Bg4 9. Bb2 Qd5 10. Bc4 Qh5 11. Na3 e6 12. Nb5 O-O-O 13. O-O-O a6 14. Na3
Qa5 15. Nb1 Qxa2 16. h3 Bf5 17. Bd3 Qa5 18. Bxf5 Qxf5 19. Qc4 Qd5 20. Qxd5 Rxd5
21. Rde1 Bc5 22. d3 b5 23. Nbd2 Kd7 24. Ne4 Be7 25. g4 h6 26. Rhg1 Rc8 27. Kb1
a5 28. h4 a4 29. g5 hxg5 30. hxg5 Ne8 31. g6 f6 32. c4 dxc3 33. Nxc3 Rf5 34.
Rg3 axb3 35. d4 Bb4 36. Re2 Bxc3 37. Bxc3 Ne7 38. Bb2 Nxg6 39. Nd2 Nf4 40. Re1
Ke7 41. Nxb3 Kf7 42. Nc5 e5 43. Ra3 exd4 44. Ra7+ Rc7 45. Rxc7+ Nxc7 46. Bxd4
Nce6 47. Nxe6 Nxe6 48. Be3 Re5 49. Rd1 f5 50. Rd7+ Kf6 51. Rd6 Ke7 52. Ra6 f4
53. Bb6 g5 54. Kc2 g4 55. Ra3 Kf6 56. Kd2 Kg5 57. Ba7 f3 58. Be3+ Kh4 59. Ra1
Rd5+ 60. Kc3 Ng5 61. Rh1+ Nh3 62. Rb1 Ng5 63. Rh1+ Nh3 64. Rb1 Kh5 65. Rh1 Kg6
66. Ra1 Ng5 67. Ra6+ Kf5 68. Rh6 Ne4+ 69. Kc2 g3 70. Rh5+ Ke6 71. Rh6+ Kf5 72.
Rh5+ Ke6 73. Rh6+ Kf7 74. fxg3 f2 75. Bxf2 Nxf2 76. Rh4 Nd3 77. Kc3 Ne5 78. Rh6
Nc4 79. Kb4 Nd6 80. Rh1 Kg6 81. Rf1 Kg5 82. Rf8 Kg4 83. Rf1 Kxg3 84. Rf8 Rf5
1/2-1/2

[Event " Bjelovar OPEN 2017"]
[Site "Bjelovar"]
[Date "2017.08.05"]
[Round "6.6"]
[White "Cupic, Lovro"]
[Black "Cenkovcan, Andrija"]
[Result "1-0"]
[WhiteElo "2210"]
[BlackElo "2053"]
[PlyCount "49"]
[EventDate "2017.08.03"]

1. e4 e6 2. d4 d5 3. Nc3 Nf6 4. e5 Nfd7 5. f4 c5 6. Nf3 Nc6 7. Ne2 Be7 8. g3 f6
9. Bh3 f5 10. g4 g6 11. gxf5 gxf5 12. Rg1 h5 13. Be3 b6 14. c4 Nf8 15. cxd5
Qxd5 16. Nc3 Qd8 17. d5 Nd4 18. Bxd4 cxd4 19. Nxd4 Bc5 20. Rg5 exd5 21. Bg2 Be7
22. Nc6 Bxg5 23. Nxd8 Bxd8 24. Bxd5 Rb8 25. Bf7+ 1-0

[Event " Bjelovar OPEN 2017"]
[Site "Bjelovar"]
[Date "2017.08.05"]
[Round "6.7"]
[White "Blazeka, Djuro"]
[Black "Blazeka, Mihaela"]
[Result "0-1"]
[WhiteElo "1892"]
[BlackElo "2101"]
[PlyCount "84"]
[EventDate "2017.08.03"]

1. e4 e5 2. Nf3 Nc6 3. Nc3 Nf6 4. d4 exd4 5. Nxd4 Bb4 6. Nxc6 bxc6 7. Bd3 d5 8.
exd5 cxd5 9. Bb5+ Bd7 10. Qe2+ Be7 11. Bxd7+ Qxd7 12. O-O O-O 13. Rd1 c6 14.
Ne4 Rfe8 15. Nxf6+ Bxf6 16. Qd3 c5 17. c3 Rad8 18. f3 Qc7 19. Be3 d4 20. cxd4
Bxd4 21. Bxd4 Rxd4 22. Qb5 Qe5 23. Rxd4 Qxd4+ 24. Kh1 Rd8 25. a4 g6 26. a5 Qd1+
27. Qf1 Qxf1+ 28. Rxf1 Rb8 29. Rf2 Rb5 30. f4 Rxa5 31. h4 Kg7 32. f5 f6 33.
fxg6 hxg6 34. Rf3 Ra4 35. g3 Rb4 36. b3 f5 37. Rc3 Rb5 38. Kg2 Kf6 39. h5 gxh5
40. Kh3 Kg5 41. Rc4 Rxb3 42. Rxc5 h4 0-1

[Event " Bjelovar OPEN 2017"]
[Site "Bjelovar"]
[Date "2017.08.06"]
[Round "7.1"]
[White "Cvitkovic, Filip"]
[Black "Loncar, Robert"]
[Result "0-1"]
[WhiteElo "2151"]
[BlackElo "2353"]
[PlyCount "106"]
[EventDate "2017.08.03"]

1. d4 Nf6 2. c4 e6 3. Nc3 d5 4. cxd5 exd5 5. Bg5 Nbd7 6. e3 c6 7. Bd3 Bd6 8.
Nge2 h6 9. Bh4 O-O 10. f3 Re8 11. Bf2 c5 12. O-O a6 13. a4 cxd4 14. exd4 Nf8
15. Qb3 Ne6 16. Rfe1 Rb8 17. Rad1 Bd7 18. Bb1 Bc6 19. Qc2 Rc8 20. Bg3 Bxg3 21.
Nxg3 g6 22. Re5 Qd6 23. Qd2 Kg7 24. Bf5 Bd7 25. Bxe6 Bxe6 26. Rde1 Nd7 27. R5e2
Nb6 28. f4 Bd7 29. Rxe8 Rxe8 30. Rxe8 Bxe8 31. b3 Qb4 32. h4 Qxb3 33. f5 Nxa4
34. f6+ Kh7 35. Qe3 Qxc3 36. Qxe8 Qxd4+ 37. Kh2 Qxh4+ 38. Kg1 Qd4+ 39. Kh2 Qxf6
40. Qxa4 b5 41. Qg4 h5 42. Qb4 a5 43. Qe1 a4 44. Qb4 d4 45. Kg1 Qe5 46. Nf1 d3
47. Nd2 a3 48. Qf8 Qe3+ 49. Kh2 Qf4+ 50. Kh3 a2 51. Nf3 a1=Q 52. Ng5+ Qxg5 53.
Qxf7+ Qg7 0-1

[Event " Bjelovar OPEN 2017"]
[Site "Bjelovar"]
[Date "2017.08.06"]
[Round "7.3"]
[White "Lalic, Bogdan"]
[Black "Cupic, Lovro"]
[Result "1-0"]
[WhiteElo "2438"]
[BlackElo "2210"]
[PlyCount "57"]
[EventDate "2017.08.03"]

1. c4 Nf6 2. Nc3 e6 3. d4 Bb4 4. Qc2 O-O 5. a3 Bxc3+ 6. Qxc3 Re8 7. Bg5 d6 8.
e3 b6 9. Ne2 e5 10. Qc2 Nbd7 11. d5 h6 12. Bh4 Nf8 13. Nc3 Ng6 14. Bg3 Nd7 15.
Be2 a5 16. O-O Ndf8 17. Bd3 Qd7 18. f4 exf4 19. exf4 Ba6 20. Ne4 c6 21. f5 Ne5
22. f6 g6 23. Qd2 Kh7 24. Rf4 Nxd3 25. Rh4 h5 26. Qg5 Ne6 27. Rxh5+ gxh5 28.
Qxh5+ Kg8 29. Ng5 1-0

[Event " Bjelovar OPEN 2017"]
[Site "Bjelovar"]
[Date "2017.08.06"]
[Round "7.4"]
[White "Blazeka, Mihaela"]
[Black "Kovacevic, Veljko"]
[Result "1-0"]
[WhiteElo "2101"]
[BlackElo "2200"]
[PlyCount "115"]
[EventDate "2017.08.03"]

1. e4 c5 2. Nf3 d6 3. d4 cxd4 4. Nxd4 e5 5. Bb5+ Bd7 6. Bxd7+ Qxd7 7. Ne2 Nf6
8. Nbc3 Qc6 9. Ng3 h5 10. Qf3 b5 11. a3 a5 12. Qd3 h4 13. Nf5 h3 14. O-O g6 15.
Ng3 Na6 16. Qxb5 Qxb5 17. Nxb5 d5 18. exd5 Nxd5 19. Re1 f6 20. f4 Bc5+ 21. Kh1
O-O-O 22. fxe5 fxe5 23. Bg5 Rde8 24. Rad1 Nf4 25. Bxf4 exf4 26. Ne4 hxg2+ 27.
Kxg2 Ref8 28. Nxc5 Nxc5 29. Rd4 Rh5 30. Nd6+ Kb8 31. Re8+ Rxe8 32. Nxe8 Re5 33.
Rd8+ Ka7 34. Kf3 g5 35. Nd6 Ne6 36. Rd7+ Kb8 37. Nc4 Rc5 38. b3 a4 39. Rd6 Ng7
40. Kg4 Nf5 41. Rd2 axb3 42. cxb3 Ne3+ 43. Nxe3 fxe3 44. Re2 Rc3 45. Kxg5 Rxb3
46. h4 Rb5+ 47. Kg6 Rb6+ 48. Kg7 Rb7+ 49. Kg8 Rb1 50. Rxe3 Rh1 51. Re4 Rh3 52.
a4 Kb7 53. Kg7 Ka8 54. Kg6 Rh1 55. h5 Rg1+ 56. Kf5 Rf1+ 57. Kg5 Rg1+ 58. Rg4
1-0

[Event " Bjelovar OPEN 2017"]
[Site "Bjelovar"]
[Date "2017.08.06"]
[Round "7.5"]
[White "Basaric, Srdjan"]
[Black "Srbis, Jurica"]
[Result "1/2-1/2"]
[WhiteElo "2061"]
[BlackElo "2417"]
[PlyCount "109"]
[EventDate "2017.08.03"]

1. e4 c5 2. Nf3 g6 3. d4 cxd4 4. Qxd4 Nf6 5. e5 Nc6 6. Qa4 Nd5 7. Qe4 Ndb4 8.
Bb5 Qa5 9. Nc3 d5 10. exd6 Bf5 11. Qe5 Nxc2+ 12. Ke2 O-O-O 13. Qxh8 Nxa1 14.
Qxh7 Nc2 15. Rd1 e5 16. Bxc6 bxc6 17. Kf1 e4 18. Nd4 Nxd4 19. Rxd4 Bxd6 20.
Qxf7 Qa6+ 21. Ke1 Qb6 22. Qc4 Rd7 23. Nd5 Qc5 24. Ne3 Qxc4 25. Rxc4 Be6 26.
Rxe4 Bxa2 27. Bd2 Bc5 28. Bc3 Kb7 29. h4 Bb1 30. Re8 Bd3 31. g4 Rf7 32. h5 gxh5
33. gxh5 Rh7 34. Re5 Be7 35. Ng4 Bd6 36. Rg5 Kb6 37. h6 Re7+ 38. Be5 Bb4+ 39.
Kd1 Rd7 40. Bc3 Be4+ 41. Ke2 Bxc3 42. bxc3 Bc2 43. Rg7 Rd5 44. Nf6 Rd1 45. Rg5
Rh1 46. Kd2 Rxh6 47. Ng4 Rg6 48. f4 Bb1 49. Rxg6 Bxg6 50. Ne3 Kc5 51. Kc1 Bd3
52. Kb2 Be4 53. Kb3 Bd3 54. Ka4 Bb5+ 55. Kb3 1/2-1/2

[Event " Bjelovar OPEN 2017"]
[Site "Bjelovar"]
[Date "2017.08.06"]
[Round "7.6"]
[White "Kristovic, Marijan"]
[Black "Rozic, Marijan"]
[Result "1-0"]
[WhiteElo "2275"]
[BlackElo "2038"]
[PlyCount "65"]
[EventDate "2017.08.03"]

1. e4 e5 2. Nf3 Nf6 3. Nc3 Nc6 4. Bb5 Nd4 5. Bd3 Nxf3+ 6. Qxf3 c6 7. O-O d6 8.
a4 h5 9. Bc4 Bg4 10. Qe3 Be6 11. Bxe6 fxe6 12. d4 Ng4 13. Qd3 Be7 14. h3 exd4
15. Qxd4 Bf6 16. Qc4 Kd7 17. Bf4 Be5 18. Bxe5 Nxe5 19. Qe2 g5 20. Rad1 g4 21.
Rxd6+ Kxd6 22. Rd1+ Kc7 23. Rxd8 Raxd8 24. Qe3 Rdf8 25. Qd4 Nd7 26. hxg4 hxg4
27. Qxa7 g3 28. fxg3 Rh7 29. a5 Rhf7 30. g4 Rf1+ 31. Kh2 Ra1 32. b3 Ne5 33.
Nb5+ 1-0

[Event " Bjelovar OPEN 2017"]
[Site "Bjelovar"]
[Date "2017.08.06"]
[Round "7.7"]
[White "Radikovic, Anamarija"]
[Black "Sokac, Marko"]
[Result "0-1"]
[WhiteElo "1868"]
[BlackElo "2275"]
[PlyCount "80"]
[EventDate "2017.08.03"]

1. e4 d6 2. d4 Nf6 3. Nc3 c6 4. Nf3 Bg4 5. Be2 e6 6. O-O d5 7. exd5 cxd5 8. Ne5
Bxe2 9. Qxe2 Nc6 10. Qb5 Qb6 11. Qxb6 axb6 12. Nb5 Rc8 13. c3 Nxe5 14. dxe5 Nd7
15. Re1 Be7 16. Be3 Nxe5 17. Bxb6 Nc4 18. Bd4 Nxb2 19. Bxg7 Rg8 20. Bd4 Kd7 21.
Na7 Rc7 22. Be5 Nd3 23. Bxc7 Nxe1 24. Bg3 Ra8 25. Rxe1 Rxa7 26. Re2 Bf6 27. Rc2
Ra3 28. c4 d4 29. Rb2 Kc6 30. Kf1 Rc3 31. Rb4 d3 32. Ke1 Rc2 33. Rb3 Bc3+ 34.
Kd1 Kc5 35. Rxb7 Rxa2 36. Rc7+ Kb6 37. c5+ Kb5 38. Rb7+ Kc4 39. Rb1 Re2 40. f3
Rxg2 0-1